[Event "1st Abu Dhabi Super Blitz"]
[Site "chess.com INT"]
[Date "2020.04.15"]
[Round "6"]
[White "Grischuk, Alexander"]
[Black "Sanal, Vahap"]
[Result "1-0"]
[WhiteTitle "GM"]
[BlackTitle "GM"]
[WhiteElo "2777"]
[BlackElo "2581"]
[WhiteFideId "4126025"]
[BlackFideId "6300545"]
[EventDate "2020.04.15"]
[EventType "blitz"]

1. Nf3 Nf6 2. g3 g6 3. c4 Bg7 4. Nc3 O-O 5. Bg2 d6 6. d4 Nc6 7. Bf4 a6 8. O-O
Rb8 9. Rc1 Bd7 10. d5 Na5 11. Nd2 c5 12. dxc6 Nxc6 13. c5 e5 14. Bg5 h6 15. Bxf6
Bxf6 16. Nde4 Bg7 17. Nxd6 Be6 18. e3 Qd7 19. a3 Rfd8 20. Qa4 Kh7 21. b4 f5 22.
Rfd1 Qc7 23. Nd5 Bxd5 24. Bxd5 e4 25. Bxc6 bxc6 26. Qxa6 h5 27. Qf1 Ra8 28. Nc4
Rxd1 29. Rxd1 Qf7 30. h4 Qf6 31. Rd7 Qc3 32. Qe2 Kh6 33. Kg2 Qc1 34. Rd1 Qc3 35.
Rd6 Kh7 36. Rxc6 1-0

[Event "1st Abu Dhabi Super Blitz"]
[Site "chess.com INT"]
[Date "2020.04.15"]
[Round "6"]
[White "Postny, Evgeny"]
[Black "Baldauf, Marco"]
[Result "1-0"]
[WhiteTitle "GM"]
[BlackTitle "GM"]
[WhiteElo "2600"]
[BlackElo "2503"]
[WhiteFideId "2804344"]
[BlackFideId "4688210"]
[EventDate "2020.04.15"]
[EventType "blitz"]

1. d4 Nf6 2. c4 g6 3. Nc3 d5 4. Nf3 Bg7 5. e3 O-O 6. b4 c6 7. Bb2 a5 8. b5 Nbd7
9. cxd5 cxd5 10. Be2 Nb6 11. O-O Bg4 12. Ba3 Bxf3 13. Bxf3 Nc4 14. Bc1 e6 15. a4
Qe7 16. Qb3 Rfc8 17. Rb1 Bf8 18. Rd1 Qb4 19. Ne2 Qxb3 20. Rxb3 Nb6 21. Nc3 Bb4
22. Bb2 Bxc3 23. Bxc3 Nxa4 24. Be1 Nb6 25. Ra1 Nc4 26. Be2 b6 27. f3 Ne8 28. Kf2
f6 29. e4 Kf7 30. Bd3 Ned6 31. Ra2 Ke7 32. Ke2 Kd7 33. Bg3 Nf7 34. h4 Ncd6 35.
Rb1 Rc3 36. Be1 Rcc8 37. Bd2 dxe4 38. fxe4 e5 39. d5 Nb7 40. Ke3 Nfd6 41. h5
Nc4+ 42. Bxc4 Rxc4 43. hxg6 hxg6 44. Rh1 Re8 45. Rh6 Nd6 46. Rxg6 Rxe4+ 47. Kf3
f5 48. Be3 Rb4 49. Bxb6 Rb3+ 50. Ke2 Rxb5 51. Bxa5 Ra8 52. Rg7+ Ke8 53. Rg8+ 1-0

[Event "1st Abu Dhabi Super Blitz"]
[Site "chess.com INT"]
[Date "2020.04.15"]
[Round "6"]
[White "Cornette, Matthieu"]
[Black "Chadaev, Nikolai"]
[Result "0-1"]
[WhiteTitle "GM"]
[BlackTitle "GM"]
[WhiteElo "2558"]
[BlackElo "2591"]
[WhiteFideId "620084"]
[BlackFideId "4167392"]
[EventDate "2020.04.15"]
[EventType "blitz"]

1. e4 c5 2. Nc3 g6 3. h4 h5 4. Bc4 Bg7 5. d3 Nc6 6. a3 e6 7. Nge2 Nge7 8. Bg5 a6
9. Qd2 b5 10. Ba2 Bb7 11. O-O Qc7 12. Nd1 Ne5 13. Ne3 Ng4 14. Bf4 Qb6 15. c3 Rc8
16. f3 Nxe3 17. Bxe3 Qc7 18. Bg5 d5 19. Rae1 O-O 20. Nf4 dxe4 21. fxe4 c4 22. d4
e5 23. dxe5 Qxe5 24. Nd5 Nxd5 25. exd5 Qxd5 26. Qxd5 Bxd5 27. Bb1 Rfe8 28. Kf2
Bf8 29. Be3 a5 30. Bd4 b4 31. axb4 axb4 32. Rxe8 Rxe8 33. Re1 Rxe1 34. Kxe1 bxc3
35. bxc3 Bxg2 36. Kf2 Bd5 37. Bf6 Bc5+ 38. Kg3 Kf8 39. Kf4 Bd6+ 40. Ke3 Bc5+ 41.
Kf4 Ke8 42. Ke5 Bc6 43. Ba2 Bb5 44. Kd5 Be7 45. Bxe7 Kxe7 46. Kc5 Ba6 47. Kb6
Bc8 48. Bxc4 f6 49. Be2 Bg4 50. Bd3 g5 51. hxg5 fxg5 52. c4 Bf3 53. c5 g4 54. c6
Bxc6 55. Kxc6 Ke6 56. Be2 Ke5 57. Kd7 Kf4 58. Ke6 h4 59. Kf6 h3 60. Bf1 h2 61.
Bg2 Kg3 62. Bc6 Kf2 63. Kg5 g3 64. Kg4 g2 65. Bxg2 Kxg2 0-1

[Event "1st Abu Dhabi Super Blitz"]
[Site "chess.com INT"]
[Date "2020.04.15"]
[Round "6"]
[White "Grachev, Boris"]
[Black "Gretarsson, Hjorvar Steinn"]
[Result "0-1"]
[WhiteTitle "GM"]
[BlackTitle "GM"]
[WhiteElo "2612"]
[BlackElo "2579"]
[WhiteFideId "4129199"]
[BlackFideId "2302241"]
[EventDate "2020.04.15"]
[EventType "blitz"]

1. Nf3 Nf6 2. c4 e6 3. Nc3 Bb4 4. Qc2 O-O 5. a3 Bxc3 6. Qxc3 d5 7. e3 b6 8. Be2
Bb7 9. O-O Nbd7 10. b4 c5 11. Bb2 Rc8 12. b5 Re8 13. d3 e5 14. cxd5 Nxd5 15. Qc4
h6 16. Nd2 N5f6 17. Rfd1 Qc7 18. Bf3 Rcd8 19. a4 Bxf3 20. gxf3 Nf8 21. Ne4 Nd5
22. a5 Ng6 23. Ng3 Qd7 24. axb6 axb6 25. Kh1 Qh3 26. Qg4 Qxg4 27. fxg4 Nb4 28.
Ra3 Re6 29. Ne4 Ne7 30. Bc3 Rxd3 31. Rxd3 Nxd3 32. Ra8+ Kh7 33. Ra7 f5 34. gxf5
Nxf5 35. Kg2 Nd6 36. Nxd6 Rxd6 37. Rc7 Rg6+ 38. Kf3 Rf6+ 39. Ke2 Nc1+ 40. Kd2
Nb3+ 41. Kd3 Rxf2 42. Bxe5 Rd2+ 43. Ke4 Rg2 44. Rc6 Rg6 45. h4 Na5 46. Rc7 Nc4
47. Bc3 Rg4+ 48. Kf5 Nxe3+ 49. Ke6 Rg6+ 50. Kf7 Nd5 51. h5 Rg5 52. Rc6 Nxc3 53.
Rxb6 c4 54. Rg6 Nxb5 55. Rc6 c3 56. Rc8 Nd6+ 57. Ke6 Nxc8 0-1

[Event "1st Abu Dhabi Super Blitz"]
[Site "chess.com INT"]
[Date "2020.04.15"]
[Round "6"]
[White "Ozen, Bahadir"]
[Black "Blohberger, Felix"]
[Result "1-0"]
[WhiteTitle "IM"]
[BlackTitle "IM"]
[WhiteElo "2369"]
[BlackElo "2467"]
[WhiteFideId "6337058"]
[BlackFideId "1632051"]
[EventDate "2020.04.15"]
[EventType "blitz"]

1. Nf3 Nf6 2. c4 c6 3. d4 d5 4. cxd5 cxd5 5. Nc3 Nc6 6. Bf4 a6 7. Rc1 e6 8. e3
Bd6 9. Bg3 O-O 10. Bd3 Qe7 11. O-O Bxg3 12. hxg3 e5 13. dxe5 Nxe5 14. Nxe5 Qxe5
15. Qf3 Be6 16. Qf4 Qh5 17. f3 h6 18. Kf2 Rfd8 19. Rh1 Qg5 20. Ne2 Qxf4 21. gxf4
Rac8 22. Nd4 Rxc1 23. Rxc1 Rc8 24. Rg1 Bd7 25. g4 Ne8 26. Ke2 Nd6 27. b3 Bb5 28.
Kd2 Bxd3 29. Kxd3 g6 30. Ne2 Kf8 31. Nc3 Nb5 32. Nxd5 Rd8 33. e4 Nc7 34. Kd4
Nxd5 35. exd5 Ke7 36. Rh1 Rc8 37. f5 gxf5 38. gxf5 Rc2 39. Rxh6 Rxa2 40. Rb6
Rd2+ 41. Ke4 Re2+ 42. Kd3 Rf2 43. f6+ Kd7 44. Ke3 Rb2 45. Rxb7+ Kd6 46. Rxf7
Kxd5 47. Rb7 Rh2 48. f7 Rh8 49. f4 Rf8 50. Kd3 Kc6 51. Ra7 Kb6 52. Re7 Kc6 53.
Ke4 Kd6 54. Ra7 1-0

[Event "1st Abu Dhabi Super Blitz"]
[Site "chess.com INT"]
[Date "2020.04.15"]
[Round "6"]
[White "Gabuzyan, Hovhannes"]
[Black "Meier, Georg"]
[Result "0-1"]
[WhiteTitle "GM"]
[BlackTitle "GM"]
[WhiteElo "2557"]
[BlackElo "2621"]
[WhiteFideId "13303732"]
[BlackFideId "4675789"]
[EventDate "2020.04.15"]
[EventType "blitz"]

1. Nf3 d5 2. g3 Bg4 3. Bg2 e6 4. O-O Nf6 5. c4 c6 6. cxd5 Bxf3 7. Bxf3 cxd5 8.
d4 Nc6 9. Nc3 Be7 10. b3 O-O 11. Bb2 Qd7 12. e3 Rfc8 13. Qd3 Rc7 14. Rfc1 Rac8
15. Qe2 Qd8 16. Nb5 Rd7 17. Bg2 h6 18. Nc3 Qa5 19. Qb5 Qd8 20. Na4 a6 21. Qf1
Bd6 22. Rc2 Rdc7 23. Rac1 Nd7 24. a3 Na5 25. Qd3 Rxc2 26. Rxc2 Rxc2 27. Qxc2 Qc7
28. Qd3 Nf6 29. Bf1 Be7 30. Qd1 Ne4 31. f3 Nd6 32. Nc5 Nf5 33. Qd3 Qb6 34. g4
Nh4 35. Kf2 Bxc5 36. dxc5 Qxb3 37. Qd4 f6 38. Bd3 Nc6 39. Qc3 Qxc3 40. Bxc3 Kf7
41. f4 Ng6 42. Kg3 Nf8 43. h4 Nd7 44. Bd4 Ke7 45. g5 Nxd4 46. exd4 hxg5 47. hxg5
fxg5 48. fxg5 e5 49. dxe5 Nxc5 50. Bf5 Ne6 51. g6 b5 52. Kf2 a5 53. Ke3 b4 54.
axb4 axb4 55. Kd2 Nc5 56. Ke3 Ne6 57. Kd2 Nd8 58. Kc2 Nc6 59. Bh3 Nxe5 60. Kb3
Nc6 61. Ka4 Kd6 62. Bf5 Kc5 0-1

[Event "1st Abu Dhabi Super Blitz"]
[Site "chess.com INT"]
[Date "2020.04.15"]
[Round "6"]
[White "Fedoseev, Vladimir3"]
[Black "Cuhendi, Sean Winshand"]
[Result "1-0"]
[WhiteTitle "GM"]
[BlackTitle "IM"]
[WhiteElo "2678"]
[BlackElo "2419"]
[WhiteFideId "24130737"]
[BlackFideId "7101554"]
[EventDate "2020.04.15"]
[EventType "blitz"]

1. e4 e5 2. Nf3 Nc6 3. Bb5 a6 4. Ba4 d6 5. c3 f5 6. exf5 Bxf5 7. d4 e4 8. Bg5
Be7 9. Nh4 Bxg5 10. Nxf5 Qf6 11. Qg4 d5 12. h4 Bh6 13. Nxh6 Nxh6 14. Qh5+ Qf7
15. Qe5+ Kf8 16. Qg5 Nf5 17. Nd2 b5 18. Bb3 Na5 19. Bc2 h6 20. Qf4 Nd6 21. Qxf7+
Kxf7 22. O-O-O Rhe8 23. Rde1 Ndc4 24. Nf1 Rab8 25. b3 Nd6 26. Ne3 c6 27. Rhf1 b4
28. c4 dxc4 29. bxc4 b3 30. axb3 Nxb3+ 31. Bxb3 Rxb3 32. Kc2 Reb8 33. Rb1 Rxb1
34. Rxb1 Rxb1 35. Kxb1 Ke6 36. Kc2 g6 37. Kc3 Nf5 38. g3 Nd6 39. Kb4 Nb7 40. c5
h5 41. Ka4 Kd7 42. Nc4 Ke6 43. Kb4 Kd5 44. Kc3 Ke6 45. Nd2 Kd5 46. Nf1 Ke6 47.
Kc4 Na5+ 48. Kb4 Nb7 49. Ne3 Kd7 50. Nc4 Ke6 51. Ne5 a5+ 52. Kc4 a4 53. Nxg6 a3
54. Nf4+ Kf5 55. Kb3 1-0

[Event "1st Abu Dhabi Super Blitz"]
[Site "chess.com INT"]
[Date "2020.04.15"]
[Round "6"]
[White "Van Foreest, Jorden"]
[Black "Sychev, Klementy"]
[Result "0-1"]
[WhiteTitle "GM"]
[BlackTitle "GM"]
[WhiteElo "2682"]
[BlackElo "2572"]
[WhiteFideId "1039784"]
[BlackFideId "4114060"]
[EventDate "2020.04.15"]
[EventType "blitz"]

1. e4 e5 2. Nf3 Nc6 3. Bc4 Nf6 4. d3 Bc5 5. c3 O-O 6. O-O d5 7. exd5 Nxd5 8. Re1
Bg4 9. h3 Bh5 10. Nbd2 Nb6 11. Bb3 Kh8 12. Ne4 Be7 13. Ng3 Bxf3 14. Qxf3 f5 15.
a4 a5 16. d4 exd4 17. Nh5 Bd6 18. Bf4 Qh4 19. Bxd6 cxd6 20. Ng3 f4 21. Nf1 Ne5
22. Qxb7 Rab8 23. Qe4 dxc3 24. bxc3 Nbd7 25. Bc2 Rbc8 26. Rad1 Rc4 27. Rd4 Nf6
28. Qf5 Rxc3 29. Rxf4 Qh6 30. Ne3 g6 31. Qxf6+ Rxf6 32. Rxf6 Qg5 33. Rf8+ Kg7
34. h4 Qxh4 35. Rb8 Qg5 36. Be4 h5 37. Rb7+ Kh6 38. Rb6 Qf4 39. Nd5 Qd2 40. Rf1
Rc1 41. g3 Rxf1+ 42. Kxf1 Qd4 43. f3 Qd2 44. Rxd6 Qc1+ 45. Kg2 Qd2+ 46. Kh3 Qe1
47. Kg2 Qe2+ 48. Kg1 Nxf3+ 49. Bxf3 Qxf3 50. Kh2 Qf2+ 51. Kh3 Qg1 52. g4 Qxg4+
53. Kh2 Qh4+ 54. Kg2 Qxa4 55. Kf3 Qb3+ 56. Ke4 Qc4+ 57. Ke5 Qe2+ 58. Kf6 Qf3+
59. Ke7 h4 60. Nf6 h3 0-1

[Event "1st Abu Dhabi Super Blitz"]
[Site "chess.com INT"]
[Date "2020.04.15"]
[Round "6"]
[White "Davtyan, Artur"]
[Black "Nihal, Sarin"]
[Result "0-1"]
[WhiteTitle "IM"]
[BlackTitle "GM"]
[WhiteElo "2461"]
[BlackElo "2620"]
[WhiteFideId "13308327"]
[BlackFideId "25092340"]
[EventDate "2020.04.15"]
[EventType "blitz"]

1. d4 Nf6 2. c4 g6 3. Nc3 d5 4. cxd5 Nxd5 5. e4 Nxc3 6. bxc3 Bg7 7. Qa4+ Nd7 8.
Nf3 O-O 9. Be2 Nb6 10. Qa3 Qd6 11. O-O Bg4 12. e5 Qxa3 13. Bxa3 Rfe8 14. h3 Be6
15. Rfb1 Bd5 16. Nd2 Bh6 17. Nf1 Na4 18. Bb2 c6 19. Bd1 Nxb2 20. Rxb2 b6 21. Ne3
Bxe3 22. fxe3 f6 23. exf6 exf6 24. Kf2 Re7 25. Bb3 Kg7 26. c4 Bf7 27. Re1 Rd8
28. Rc2 f5 29. c5 b5 30. Bxf7 Kxf7 31. a4 b4 32. a5 a6 33. Rc4 Rb8 34. Rb1 Reb7
35. Rb3 Ke6 36. Rc2 Kd5 37. Kf3 Rb5 38. Ra2 Kc4 39. Rab2 Rxa5 40. Rb1 Ra3 41.
R3b2 a5 42. g4 Re8 43. Re2 Kd5 44. gxf5 gxf5 45. Kf4 Re4+ 46. Kf3 Rxd4 47. Rg1
Re4 48. Rg5 Ke6 49. Rh5 b3 50. Rxh7 Ra2 51. Re1 Rd2 52. Rb7 a4 53. Rg1 Rd3 54.
Rg6+ Kd5 55. Rd6+ Kc4 56. Rxc6 Rdxe3+ 57. Kf2 Re2+ 58. Kf3 b2 59. Rcb6 R2e3+ 60.
Kf2 Rb3 61. c6 b1=Q 62. Rxb3 axb3 63. c7 Qc2+ 64. Kf3 Qd3+ 65. Kf2 Re2+ 66. Kf1
Qd1# 0-1

[Event "1st Abu Dhabi Super Blitz"]
[Site "chess.com INT"]
[Date "2020.04.15"]
[Round "6"]
[White "Praggnanandhaa, R"]
[Black "Maghsoodloo, Parham"]
[Result "0-1"]
[WhiteTitle "GM"]
[BlackTitle "GM"]
[WhiteElo "2608"]
[BlackElo "2676"]
[WhiteFideId "25059530"]
[BlackFideId "12539929"]
[EventDate "2020.04.15"]
[EventType "blitz"]

1. e4 c5 2. Nf3 Nc6 3. Bb5 g6 4. Bxc6 bxc6 5. d4 cxd4 6. Qxd4 f6 7. Qa4 Nh6 8.
c4 Nf7 9. Nc3 Bg7 10. O-O O-O 11. c5 Qc7 12. Be3 d6 13. Rac1 Qb7 14. cxd6 exd6
15. b4 Bd7 16. Qa5 Rfe8 17. Bf4 Qb6 18. Qa3 f5 19. Be3 Qb7 20. exf5 Bxf5 21. Bd4
Ne5 22. Nxe5 dxe5 23. Be3 Bd3 24. Rfd1 e4 25. Na4 Rab8 26. Nc5 Qxb4 27. Qxb4
Rxb4 28. Nxd3 exd3 29. Rxd3 c5 30. a3 c4 31. Rdd1 Ra4 32. Bc5 c3 33. Bb4 Rc8 34.
Rd5 a5 35. Bc5 Rc4 36. Be3 c2 37. Rb5 a4 38. g3 Bf8 39. Ra5 Bxa3 40. Ra1 Bb2 41.
R1xa4 Rxa4 42. Rxa4 c1=Q+ 43. Bxc1 Rxc1+ 44. Kg2 h5 45. Ra2 Rc2 46. h4 Kf7 47.
Ra7+ Kf6 48. Ra6+ Kf5 49. Ra5+ Ke4 50. Ra2 Rd2 51. Ra6 Bd4 52. Rxg6 Bxf2 53. Kh3
Bg1 54. g4 Be3 55. gxh5 Bf4 56. Rg2 Rd8 57. Kg4 Be3 58. Rg3 Bf2 59. Rg2 Rg8+ 60.
Kh3 Rf8 61. Kg4 Bd4 62. Kh3 Be3 63. Rg4+ Bf4 64. Rg2 Rd8 65. Kg4 Rh8 66. Re2+
Be3 67. Rg2 Rh7 68. Rg3 Ra7 69. Rg2 Ra6 70. Rg3 Ra2 71. Kh3 Kf4 72. Rg4+ Kf5 73.
Rg3 Bf4 74. Rg2 Ra3+ 0-1

[Event "1st Abu Dhabi Super Blitz"]
[Site "chess.com INT"]
[Date "2020.04.15"]
[Round "7"]
[White "Sasikiran, Krishnan"]
[Black "Baklan, Vladimir"]
[Result "0-1"]
[WhiteTitle "GM"]
[BlackTitle "GM"]
[WhiteElo "2647"]
[BlackElo "2587"]
[WhiteFideId "5004985"]
[BlackFideId "14102196"]
[EventDate "2020.04.15"]
[EventType "blitz"]

1. e4 c5 2. Nf3 Nc6 3. Nc3 d6 4. d4 cxd4 5. Nxd4 Nf6 6. Bg5 e6 7. Qd2 a6 8.
O-O-O Bd7 9. f4 Be7 10. Nf3 b5 11. Bxf6 gxf6 12. Kb1 Qa5 13. Bd3 Rc8 14. f5 Nb4
15. a3 Nc6 16. Ne2 Qxd2 17. Rxd2 Ne5 18. Nf4 Bf8 19. Rf1 Bh6 20. g3 Nxf3 21.
Rxf3 e5 22. Rg2 exf4 23. gxf4 Ke7 24. Rh3 Bxf4 0-1

[Event "1st Abu Dhabi Super Blitz"]
[Site "chess.com INT"]
[Date "2020.04.15"]
[Round "7"]
[White "Caruana, Fabiano"]
[Black "Saric, Ivan"]
[Result "1-0"]
[WhiteTitle "GM"]
[BlackTitle "GM"]
[WhiteElo "2835"]
[BlackElo "2646"]
[WhiteFideId "2020009"]
[BlackFideId "14508150"]
[EventDate "2020.04.15"]
[EventType "blitz"]

1. e4 c5 2. Nf3 Nc6 3. Bb5 g6 4. O-O Bg7 5. Bxc6 dxc6 6. d3 Nf6 7. h3 O-O 8. Nc3
Ne8 9. Be3 b6 10. e5 Nc7 11. Re1 Nd5 12. Qd2 Nxe3 13. Qxe3 h6 14. Rad1 Qc7 15.
Qf4 Rd8 16. b3 Bf5 17. h4 Qc8 18. Re3 Bg4 19. Rde1 Bxf3 20. Qxf3 Rd4 21. g3 h5
22. Ne2 Rd8 23. Nf4 e6 24. Re4 Rd4 25. Rxd4 cxd4 26. g4 hxg4 27. Qxg4 Bh6 28.
Re4 Bxf4 29. Rxf4 Qc7 30. Qg5 Rd8 31. h5 Rd5 32. hxg6 f5 33. Qf6 Rxe5 34. Rh4
Re1+ 35. Kg2 1-0

[Event "1st Abu Dhabi Super Blitz"]
[Site "chess.com INT"]
[Date "2020.04.15"]
[Round "7"]
[White "Andriasian, Zaven"]
[Black "Artemiev, Vladislav"]
[Result "1/2-1/2"]
[WhiteTitle "GM"]
[BlackTitle "GM"]
[WhiteElo "2606"]
[BlackElo "2716"]
[WhiteFideId "13302000"]
[BlackFideId "24101605"]
[EventDate "2020.04.15"]
[EventType "blitz"]

1. e4 c5 2. Nc3 d6 3. Nf3 a6 4. d4 cxd4 5. Nxd4 Nf6 6. Be3 Ng4 7. Bc1 Nc6 8.
Nxc6 bxc6 9. Be2 Nf6 10. O-O Qc7 11. f4 g6 12. Bf3 Nd7 13. e5 dxe5 14. fxe5 Nxe5
15. Bf4 Bg7 16. Kh1 Qb6 17. Na4 Qb5 18. Nc3 Qb7 19. Bxe5 Bxe5 20. Qe2 Bxc3 21.
Qc4 O-O 22. Qxc3 Rb8 23. b3 Bf5 24. Rae1 Rfd8 25. Re5 Qb4 26. Qxb4 Rxb4 27. Rxe7
Rd2 28. Bxc6 Rf4 29. Kg1 1/2-1/2

[Event "1st Abu Dhabi Super Blitz"]
[Site "chess.com INT"]
[Date "2020.04.15"]
[Round "7"]
[White "Sychev, Klementy"]
[Black "Andreikin, Dmitry"]
[Result "0-1"]
[WhiteTitle "GM"]
[BlackTitle "GM"]
[WhiteElo "2572"]
[BlackElo "2726"]
[WhiteFideId "4114060"]
[BlackFideId "4158814"]
[EventDate "2020.04.15"]
[EventType "blitz"]

1. e4 e5 2. Nf3 Nc6 3. d4 exd4 4. Nxd4 Qf6 5. Ne2 Bc5 6. Nf4 Nge7 7. Nc3 Bb4 8.
Bd2 Bxc3 9. bxc3 b6 10. Bd3 Bb7 11. O-O O-O-O 12. c4 Ne5 13. a4 g5 14. Nd5 Bxd5
15. cxd5 g4 16. a5 Rdg8 17. axb6 axb6 18. Ra7 N7g6 19. Qc1 Nf3+ 20. gxf3 gxf3
21. Qa3 d6 22. Qa4 Kd8 23. Kh1 Ne5 24. Qa1 Qg6 25. Rg1 Qg2+ 26. Rxg2 fxg2+ 27.
Kg1 Nf3# 0-1

[Event "1st Abu Dhabi Super Blitz"]
[Site "chess.com INT"]
[Date "2020.04.15"]
[Round "7"]
[White "Le, Quang Liem"]
[Black "Deac, Bogdan-Daniel"]
[Result "1-0"]
[WhiteTitle "GM"]
[BlackTitle "GM"]
[WhiteElo "2709"]
[BlackElo "2625"]
[WhiteFideId "12401137"]
[BlackFideId "1226380"]
[EventDate "2020.04.15"]
[EventType "blitz"]

1. e4 e5 2. Bc4 Nf6 3. d3 Nc6 4. Nf3 Bc5 5. c3 d6 6. Nbd2 a5 7. h3 O-O 8. Bb3
Be6 9. Bc2 d5 10. Ng5 Bc8 11. exd5 Qxd5 12. O-O Bb6 13. Nc4 Bf5 14. Qe2 Bc5 15.
Ne4 Be7 16. Ne3 Qd7 17. Nxf5 Qxf5 18. Ng3 Qd7 19. f4 Bd6 20. fxe5 Bxe5 21. Qf3
Qd5 22. d4 Qxf3 23. Rxf3 Bxg3 24. Rxg3 Ne7 25. Bg5 Ra6 26. Rf1 Ned5 27. c4 Nh5
28. Rb3 Nb4 29. Bd1 Rd6 30. Bxh5 1-0

[Event "1st Abu Dhabi Super Blitz"]
[Site "chess.com INT"]
[Date "2020.04.15"]
[Round "7"]
[White "Alekseenko, Kirill"]
[Black "Nepomniachtchi, Ian"]
[Result "0-1"]
[WhiteTitle "GM"]
[BlackTitle "GM"]
[WhiteElo "2696"]
[BlackElo "2784"]
[WhiteFideId "4135539"]
[BlackFideId "4168119"]
[EventDate "2020.04.15"]
[EventType "blitz"]

1. d4 Nf6 2. Nc3 e6 3. e4 Bb4 4. e5 Nd5 5. Qg4 g6 6. Bg5 Be7 7. Nxd5 exd5 8. Nf3
d6 9. Qf4 Nc6 10. O-O-O Be6 11. Bb5 a6 12. Bxc6+ bxc6 13. Rhe1 Qd7 14. Bf6 Rf8
15. Ng5 O-O-O 16. Nxh7 Rfe8 17. Bxe7 Qxe7 18. Nf6 Rh8 19. h4 Kb7 20. Re3 Ka7 21.
Rc3 c5 22. Ra3 Rb8 23. dxc5 dxc5 24. g3 Rhd8 25. Qa4 Rb6 26. Rad3 c4 27. Ra3 c6
28. Qa5 Rdb8 29. f4 Qb7 30. b3 Rb5 31. Qe1 Qb6 32. Qg1 Rc5 33. Ra4 Qb5 34. g4
Ka8 35. Rxa6+ Kb7 36. a4 Qb4 37. Ne4 dxe4 38. f5 c3 39. Rd4 Qa3+ 40. Kd1 Qa1+
41. Ke2 Qxg1 0-1

[Event "1st Abu Dhabi Super Blitz"]
[Site "chess.com INT"]
[Date "2020.04.15"]
[Round "7"]
[White "Laurusas, Tomas"]
[Black "Nestorovic, Nikola"]
[Result "1-0"]
[WhiteTitle "IM"]
[BlackTitle "GM"]
[WhiteElo "2511"]
[BlackElo "2470"]
[WhiteFideId "12803731"]
[BlackFideId "934526"]
[EventDate "2020.04.15"]
[EventType "blitz"]

1. d4 Nf6 2. c4 e6 3. Nf3 d5 4. Nc3 a6 5. cxd5 exd5 6. Bg5 Be6 7. Qb3 Ra7 8. e3
c6 9. Bxf6 gxf6 10. Bd3 Nd7 11. O-O f5 12. Qc2 Qf6 13. Ne2 Bd6 14. Nf4 Rg8 15.
g3 Nf8 16. Rab1 Rg4 17. b4 h5 18. Nxh5 Qg6 19. Nf4 Bxf4 20. exf4 Rxf4 21. Ne5
Qg5 22. a4 f6 23. Qc5 Ra8 24. Nxc6 bxc6 25. Qxc6+ Kf7 26. Qxa8 Rxd4 27. Bxa6 f4
28. Bc8 fxg3 29. hxg3 Rd3 30. Bxe6+ Nxe6 31. Qb7+ Kg6 32. Qb8 Qg4 33. Rbe1 Ng5
34. Re3 Nf3+ 35. Rxf3 Rxf3 36. Qg8+ Kf5 37. Qxg4+ Kxg4 38. Ra1 Rb3 39. a5 Rxb4
40. a6 Rb8 41. Kf1 Kf3 42. a7 Ra8 43. Ra4 d4 44. Rxd4 1-0

[Event "1st Abu Dhabi Super Blitz"]
[Site "chess.com INT"]
[Date "2020.04.15"]
[Round "7"]
[White "Naroditsky, Daniel"]
[Black "Postny, Evgeny"]
[Result "1-0"]
[WhiteTitle "GM"]
[BlackTitle "GM"]
[WhiteElo "2621"]
[BlackElo "2600"]
[WhiteFideId "2026961"]
[BlackFideId "2804344"]
[EventDate "2020.04.15"]
[EventType "blitz"]

1. e4 c6 2. Nc3 d5 3. Qf3 d4 4. Bc4 e6 5. Nce2 Nf6 6. d3 c5 7. Qg3 Nc6 8. Bd2 a6
9. a4 g6 10. Nf3 Bd6 11. Qh4 Be7 12. Bg5 h6 13. e5 Nd7 14. Bxe7 Qxe7 15. Qe4 Nb6
16. h4 Nxc4 17. dxc4 Bd7 18. Nf4 Nb4 19. Qe2 Bc6 20. Rh3 a5 21. c3 dxc3 22. bxc3
Na6 23. Nd2 O-O-O 24. Ne4 Bxe4 25. Qxe4 g5 26. Nh5 Nb8 27. Nf6 Nc6 28. Rb1 Qc7
29. Re3 Kb8 30. h5 Ka7 31. g4 Nb8 32. Re2 Qc6 33. Reb2 b6 34. Rxb6 Qxb6 35. Rxb6
Kxb6 36. Qb1+ Kc7 37. Qb5 Nc6 38. Qxc5 Kb7 39. Qb5+ Kc7 40. Qc5 Rb8 41. Qd6+ Kb6
42. c5+ 1-0

[Event "1st Abu Dhabi Super Blitz"]
[Site "chess.com INT"]
[Date "2020.04.15"]
[Round "7"]
[White "Gadimbayli, Abdulla"]
[Black "Fedoseev, Vladimir3"]
[Result "1/2-1/2"]
[WhiteTitle "IM"]
[BlackTitle "GM"]
[WhiteElo "2470"]
[BlackElo "2678"]
[WhiteFideId "13404938"]
[BlackFideId "24130737"]
[EventDate "2020.04.15"]
[EventType "blitz"]

1. e4 e5 2. Nf3 Nc6 3. Nc3 Nf6 4. d4 exd4 5. Nxd4 Bb4 6. Nxc6 bxc6 7. Bd3 d5 8.
exd5 cxd5 9. O-O O-O 10. Bg5 c6 11. Qf3 Bd6 12. Rae1 Rb8 13. Nd1 h6 14. Bxf6
Qxf6 15. Qxf6 gxf6 16. b3 a5 17. Ne3 Re8 18. Nf5 Bxf5 19. Bxf5 Re5 20. Bd7 Rb6
21. f4 Rxe1 22. Rxe1 Bxf4 23. Re8+ Kg7 24. g3 Be5 25. Rc8 c5 26. Bc6 d4 27. Bd5
a4 28. Bc4 axb3 29. axb3 Bd6 30. Kg2 f5 31. Bd5 Rb5 32. Rc6 Be5 33. Bc4 Ra5 34.
Ra6 Rxa6 35. Bxa6 f4 36. gxf4 Bxf4 37. h3 f5 38. Kf3 Bg5 39. Bc8 Kf6 40. Bd7 Ke5
41. Bc8 Bh4 42. Bd7 Kf6 43. Bc8 Kg5 44. Bd7 Be1 45. Bc8 Bc3 46. Bd7 Ba5 47. Bc8
Bc7 48. Bd7 Bd6 49. Bc8 Kf6 50. Bd7 Ke5 51. Bc8 f4 52. Bb7 Be7 53. Be4 h5 54.
Bg6 h4 55. Bd3 Bd8 56. Bc4 Bg5 57. Bd3 Be7 58. Kg4 Bf6 59. Kf3 Bd8 60. Kg4 Be7
61. Kf3 Bd8 1/2-1/2

[Event "1st Abu Dhabi Super Blitz"]
[Site "chess.com INT"]
[Date "2020.04.15"]
[Round "7"]
[White "Can, Isik"]
[Black "Adhiban, Baskaran"]
[Result "1/2-1/2"]
[WhiteTitle "IM"]
[BlackTitle "GM"]
[WhiteElo "2380"]
[BlackElo "2659"]
[WhiteFideId "6383742"]
[BlackFideId "5018471"]
[EventDate "2020.04.15"]
[EventType "blitz"]

1. e4 e5 2. Nf3 Nc6 3. Bb5 a6 4. Bxc6 dxc6 5. O-O Bg4 6. h3 h5 7. d3 Qf6 8. Nbd2
Ne7 9. Re1 Ng6 10. d4 Nf4 11. hxg4 hxg4 12. g3 Nh3+ 13. Kg2 exd4 14. Rh1 O-O-O
15. Qe2 gxf3+ 16. Qxf3 Qe6 17. Qf5 Qxf5 18. exf5 Re8 19. Rxh3 Rxh3 20. Kxh3 Re1
21. Nb3 c5 22. Bd2 Rxa1 23. Nxa1 c4 24. Kg2 Kd7 25. Kf3 c5 26. Ke4 Kc6 27. a4 b5
28. axb5+ axb5 29. Bf4 Be7 30. g4 f6 31. Bg3 Bd8 32. b4 cxb4 33. Kxd4 Bb6+ 34.
Ke4 Bc5 35. f3 Bb6 36. Bf4 Bc5 37. g5 Be7 38. g6 Bc5 39. Bh6 Bf8 40. Be3 Bc5 41.
Bf4 Bd6 42. Bxd6 Kxd6 43. Kd4 Kc6 44. Ke4 Kc5 45. f4 Kc6 46. Kd4 Kd6 47. Nb3
cxb3 48. cxb3 Kc6 49. Ke4 Kc5 50. Ke3 Kd5 51. Kd3 Kc5 52. Ke3 Kd5 53. Kd3 1/2-1/2